Thị trường tài chính và các định chế tài chính : (Lý thuyết & thực hành ứng dụng cho thị trường Việt Nam)

Wedi'i Gadw mewn:
Manylion Llyfryddiaeth
Prif Awdur: Bùi Kim Yến
Awduron Eraill: Nguyễn Minh Kiều
Fformat: Llyfr
Iaith:Vietnamese
Cyhoeddwyd: Tài chính 2013
Tagiau: Ychwanegu Tag
Dim Tagiau, Byddwch y cyntaf i dagio'r cofnod hwn!
Thư viện lưu trữ: Mạng thư viện Đại học Đà Nẵng
LEADER 00776nam a2200265 4500
001 000020323
003 16768
005 20150316090309.0
008 150316s2013 viesd
020 |c 89500 
041 0 |a vie 
082 1 4 |a 332  |b BU-Y 
100 1 |a Bùi Kim Yến 
245 1 0 |a Thị trường tài chính và các định chế tài chính : (Lý thuyết & thực hành ứng dụng cho thị trường Việt Nam)  |c Bùi Kim Yến, Nguyễn Minh Kiều 
260 |b Tài chính  |c 2013 
300 |a tr.  |c cm. 
700 1 |a Nguyễn Minh Kiều 
OWN |a LSP 
999 |a From the UDN01 
TYP |a Monograph 
TYP |a Printed language 
980 |a Mạng thư viện Đại học Đà Nẵng